| 000 | 00692nam a2200229 a 4500 | ||
|---|---|---|---|
| 999 |
_c2451 _d2451 |
||
| 001 | 2451 | ||
| 003 | BD-JhCC | ||
| 005 | 20171106124037.0 | ||
| 008 | 171102s2007 bg |||| ||a| 000 0 ben d | ||
| 020 | _a9847765049 | ||
| 035 | _a(BD-JhCC)2451 | ||
| 040 |
_aBD-JhCC _dBD-JhCC |
||
| 041 | _aben | ||
| 082 |
_a370 _bAZI 2007 |
||
| 100 | _aআজিজ, মুহীবুল | ||
| 245 |
_aঔপনিবেশিক যুগের শিক্ষা-সাহিত্য / _cমুহীবুল আজিজ, |
||
| 260 |
_aঢাকা : _bঐতিহ্য প্রকাশন, _c2007 |
||
| 300 |
_a110 p. : _c20 cm. |
||
| 650 | _aEducation | ||
| 942 |
_2ddc _cBK |
||